[Event "Benidorm Satellite preliminary"]
[Site "playchess.com #007036"]
[Date "2009.10.24"]
[Round "11"]
[White "Nitroglycérine"]
[Black "Masfouf"]
[Result "1-0"]
[WhiteElo "1894"]
[BlackElo "2045"]
[PlyCount "67"]
[EventDate "2009.10.24"]
[EventType "swiss (blitz)"]

1. e4 {[%emt 0:00:01]} c5 {[%emt 0:00:02]} 2. Nf3 {[%emt 0:00:02]} d6 {[%emt 0:
00:05]} 3. d4 {[%emt 0:00:01]} cxd4 {[%emt 0:00:01]} 4. Nxd4 {[%emt 0:00:00]}
Nf6 {[%emt 0:00:01]} 5. Nc3 {[%emt 0:00:00]} a6 {[%emt 0:00:01]} 6. Bg5 {[%emt
0:00:00]} e6 {[%emt 0:00:01]} 7. Qd2 {[%emt 0:00:00]} Be7 {[%emt 0:00:01]} 8.
f3 {[%emt 0:00:02]} O-O {[%emt 0:00:03]} 9. O-O-O {[%emt 0:00:02]} Nbd7 {[%emt
0:00:01]} 10. h4 {[%emt 0:00:02]} Qc7 {[%emt 0:00:01]} 11. h5 {[%emt 0:00:03]}
b5 {[%emt 0:00:01]} 12. g4 {[%emt 0:00:12]} Bb7 {[%emt 0:00:01]} 13. Qg2 {
[%emt 0:00:46]} Rac8 {[%emt 0:00:06]} 14. Bd3 {[%emt 0:00:05]} Ne5 {[%emt 0:00:
09]} 15. Kb1 {[%emt 0:00:05]} b4 {[%emt 0:00:06]} 16. Nce2 {[%emt 0:00:04]}
Nxd3 {[%emt 0:00:04]} 17. cxd3 {[%emt 0:00:00]} Qb6 {[%emt 0:00:06]} 18. Be3 {
[%emt 0:00:09]} Qa5 {[%emt 0:00:12]} 19. g5 {[%emt 0:00:04]} Nd7 {[%emt 0:00:
03]} 20. g6 {[%emt 0:00:03]} Bf6 {[%emt 0:00:11]} 21. gxf7+ {[%emt 0:00:08]}
Rxf7 {[%emt 0:00:03]} 22. Nxe6 {[%emt 0:00:01]} Bxb2 {[%emt 0:00:20]} 23. Kxb2
{[%emt 0:00:08]} Qa3+ {[%emt 0:00:04]} 24. Kb1 {[%emt 0:00:02]} b3 {[%emt 0:00:
12]} 25. Rd2 {[%emt 0:00:25]} Ne5 {[%emt 0:00:14]} 26. N2d4 {[%emt 0:00:08]}
Nxd3 {[%emt 0:00:25]} 27. Nxb3 {[%emt 0:00:12]} Nb4 {[%emt 0:00:19]} 28. Ned4 {
[%emt 0:00:16]} Rfc7 {[%emt 0:00:20]} 29. Rg1 {[%emt 0:00:10]} Nxa2 {[%emt 0:
00:23]} 30. Rxa2 {[%emt 0:00:03]} Qb4 {[%emt 0:00:03]} 31. Bd2 {[%emt 0:00:11]}
Qb6 {[%emt 0:00:05]} 32. Ba5 {[%emt 0:00:05]} Qb5 {[%emt 0:00:11]} 33. Nxb5 {
[%emt 0:00:04]} Rc4 {[%emt 0:00:02]} 34. Qxg7# {[%emt 0:00:02]} 1-0

[Event "Benidorm Satellite preliminary"]
[Site "playchess.com #007036"]
[Date "2009.10.24"]
[Round "11"]
[White "Heinz53"]
[Black "Chesstiger9"]
[Result "0-1"]
[WhiteElo "1712"]
[BlackElo "2076"]
[PlyCount "94"]
[EventDate "2009.10.24"]
[EventType "swiss (blitz)"]

1. e4 {[%emt 0:00:01]} c5 {[%emt 0:00:02]} 2. d4 {[%emt 0:00:01]} cxd4 {[%emt
0:00:01]} 3. c3 {[%emt 0:00:00]} d5 {[%emt 0:00:01]} 4. Qxd4 {[%emt 0:00:02]}
dxe4 {[%emt 0:00:02]} 5. Qxe4 {[%emt 0:00:01]} Nf6 {[%emt 0:00:03]} 6. Qc2 {
[%emt 0:00:01]} Nc6 {[%emt 0:00:02]} 7. Nf3 {[%emt 0:00:00]} e5 {[%emt 0:00:01]
} 8. Be2 {[%emt 0:00:03]} e4 {[%emt 0:00:03]} 9. Ng5 {[%emt 0:00:10]} Bf5 {
[%emt 0:00:03]} 10. Be3 {[%emt 0:00:22]} h6 {[%emt 0:00:02]} 11. Nh3 {[%emt 0:
00:01]} Bd6 {[%emt 0:00:11]} 12. Nd2 {[%emt 0:00:03]} Ne5 {[%emt 0:00:06]} 13.
O-O-O {[%emt 0:00:16]} Nd3+ {[%emt 0:00:04]} 14. Bxd3 {[%emt 0:00:05]} exd3 {
[%emt 0:00:00]} 15. Qb3 {[%emt 0:00:01]} O-O {[%emt 0:00:05]} 16. Nf4 {[%emt 0:
00:19]} Qa5 {[%emt 0:00:07]} 17. Nc4 {[%emt 0:00:08]} Qc7 {[%emt 0:00:07]} 18.
Nxd3 {[%emt 0:00:11]} Bxd3 {[%emt 0:00:07]} 19. Rxd3 {[%emt 0:00:01]} Bf4 {
[%emt 0:00:01]} 20. Rhd1 {[%emt 0:00:13]} Rac8 {[%emt 0:00:09]} 21. g3 {[%emt
0:00:05]} Bxe3+ {[%emt 0:00:09]} 22. Nxe3 {[%emt 0:00:01]} Ne4 {[%emt 0:00:07]}
23. Qc2 {[%emt 0:00:11]} Qa5 {[%emt 0:00:05]} 24. f3 {[%emt 0:00:03]} Nc5 {
[%emt 0:00:08]} 25. Rd5 {[%emt 0:00:29]} Qxa2 {[%emt 0:00:02]} 26. Kd2 {[%emt
0:00:21]} Nb3+ {[%emt 0:00:14]} 27. Ke2 {[%emt 0:00:01]} Rfe8 {[%emt 0:00:03]}
28. Kf2 {[%emt 0:00:02]} Nc5 {[%emt 0:00:11]} 29. R1d2 {[%emt 0:00:21]} b6 {
[%emt 0:00:11]} 30. Qf5 {[%emt 0:00:01]} Ne6 {[%emt 0:00:07]} 31. Qg4 {[%emt 0:
00:02]} Qb1 {[%emt 0:00:28]} 32. f4 {[%emt 0:00:07]} Nc5 {[%emt 0:00:06]} 33.
R5d4 {[%emt 0:00:06]} Rc6 {[%emt 0:00:15]} 34. f5 {[%emt 0:00:01]} Ne4+ {[%emt
0:00:04]} 35. Kg2 {[%emt 0:00:02]} Nxd2 {[%emt 0:00:02]} 36. Rxd2 {[%emt 0:00:
01]} Rxe3 {[%emt 0:00:05]} 37. Rd8+ {[%emt 0:00:11]} Kh7 {[%emt 0:00:01]} 38.
f6 {[%emt 0:00:01]} Qc2+ {[%emt 0:00:07]} 39. Kh3 {[%emt 0:00:02]} Rxf6 {[%emt
0:00:03]} 40. Qc8 {[%emt 0:00:05]} Qf5+ {[%emt 0:00:03]} 41. Qxf5+ {[%emt 0:00:
04]} Rxf5 {[%emt 0:00:00]} 42. Rd7 {[%emt 0:00:01]} Rf2 {[%emt 0:00:02]} 43.
Rxa7 {[%emt 0:00:02]} h5 {[%emt 0:00:02]} 44. Rb7 {[%emt 0:00:02]} Ree2 {[%emt
0:00:01]} 45. g4 {[%emt 0:00:02]} Re3+ {[%emt 0:00:03]} 46. Kh4 {[%emt 0:00:02]
} f6 {[%emt 0:00:02]} 47. gxh5 {[%emt 0:00:03]} Rf4# {[%emt 0:00:03]} 0-1

[Event "Benidorm Satellite preliminary"]
[Site "playchess.com #007036"]
[Date "2009.10.24"]
[Round "11"]
[White "Slobster"]
[Black "Fighterknight"]
[Result "0-1"]
[WhiteElo "1679"]
[BlackElo "2264"]
[PlyCount "70"]
[EventDate "2009.10.24"]
[EventType "swiss (blitz)"]

1. Nf3 {[%emt 0:00:14]} Nf6 {[%emt 0:00:05]} 2. d4 {[%emt 0:00:02]} g6 {[%emt
0:00:06]} 3. Bf4 {[%emt 0:00:01]} d5 {[%emt 0:00:15]} 4. e3 {[%emt 0:00:01]}
Bg7 {[%emt 0:00:04]} 5. Be2 {[%emt 0:00:01]} O-O {[%emt 0:00:15]} 6. O-O {
[%emt 0:00:01]} c5 {[%emt 0:00:04]} 7. c3 {[%emt 0:00:02]} Nc6 {[%emt 0:00:02]}
8. Nbd2 {[%emt 0:00:01]} b6 {[%emt 0:00:01]} 9. Ne5 {[%emt 0:00:03]} Bb7 {
[%emt 0:00:02]} 10. Bf3 {[%emt 0:00:21]} Nd7 {[%emt 0:00:08]} 11. Nxc6 {[%emt
0:00:05]} Bxc6 {[%emt 0:00:06]} 12. h3 {[%emt 0:00:11]} e5 {[%emt 0:00:09]} 13.
dxe5 {[%emt 0:00:11]} Nxe5 {[%emt 0:00:00]} 14. Be2 {[%emt 0:00:03]} d4 {[%emt
0:00:49]} 15. cxd4 {[%emt 0:00:04]} cxd4 {[%emt 0:00:00]} 16. exd4 {[%emt 0:00:
34] Fighterknight reconnected.} Qxd4 {[%emt 0:00:00]} 17. Be3 {[%emt 0:00:30]}
Qd5 {[%emt 0:00:17]} 18. f3 {[%emt 0:00:31]} Rfe8 {[%emt 0:00:44] '} 19. Nb3 {
[%emt 0:00:15]} Qxd1 {[%emt 0:00:11]} 20. Bxd1 {[%emt 0:00:16]} Nc4 {[%emt 0:
00:04]} 21. Bd4 {[%emt 0:00:08]} Bh6 {[%emt 0:00:03]} 22. Kf2 {[%emt 0:00:07]}
Rad8 {[%emt 0:00:05]} 23. Be2 {[%emt 0:00:03]} Nd2 {[%emt 0:00:03]} 24. Rfd1 {
[%emt 0:00:02]} Nxb3 {[%emt 0:00:07]} 25. axb3 {[%emt 0:00:02]} Rxd4 {[%emt 0:
00:00]} 26. Rxd4 {[%emt 0:00:02]} Be3+ {[%emt 0:00:00]} 27. Kf1 {[%emt 0:00:01]
} Bxd4 {[%emt 0:00:00]} 28. Rd1 {[%emt 0:00:00]} Bxb2 {[%emt 0:00:02]} 29. Rd6
{[%emt 0:00:02]} Bb7 {[%emt 0:00:02]} 30. Rd7 {[%emt 0:00:01]} Bc8 {[%emt 0:00:
02]} 31. Rxa7 {[%emt 0:00:02]} Be5 {[%emt 0:00:00]} 32. Bc4 {[%emt 0:00:01]}
Be6 {[%emt 0:00:02]} 33. Bxe6 {[%emt 0:00:02]} Rxe6 {[%emt 0:00:01]} 34. Rb7 {
[%emt 0:00:00]} Bg3 {[%emt 0:00:01]} 35. Rb8+ {[%emt 0:00:03]} Kg7 {[%emt 0:00:
01] Slobster ger upp} 0-1

[Event "Benidorm Satellite preliminary"]
[Site "playchess.com #007036"]
[Date "2009.10.24"]
[Round "11"]
[White "chess-vador"]
[Black "Jahhaj"]
[Result "1/2-1/2"]
[WhiteElo "1794"]
[BlackElo "1931"]
[PlyCount "108"]
[EventDate "2009.10.24"]
[EventType "swiss (blitz)"]

1. d4 {[%emt 0:00:02]} d5 {[%emt 0:00:02]} 2. Nf3 {[%emt 0:00:02]} Nf6 {[%emt
0:00:02]} 3. Bf4 {[%emt 0:00:03]} c5 {[%emt 0:00:07]} 4. e3 {[%emt 0:00:03]}
cxd4 {[%emt 0:00:06]} 5. exd4 {[%emt 0:00:02]} Nc6 {[%emt 0:00:01]} 6. c3 {
[%emt 0:00:02]} Qb6 {[%emt 0:00:11]} 7. Qb3 {[%emt 0:00:02]} Qxb3 {[%emt 0:00:
04]} 8. axb3 {[%emt 0:00:00]} e6 {[%emt 0:00:20]} 9. Bb5 {[%emt 0:00:11]} Bd7 {
[%emt 0:00:03]} 10. O-O {[%emt 0:00:07]} Be7 {[%emt 0:00:02]} 11. Re1 {[%emt 0:
00:07]} O-O {[%emt 0:00:03]} 12. Nbd2 {[%emt 0:00:13]} a6 {[%emt 0:00:15]} 13.
Bd3 {[%emt 0:00:04]} Na7 {[%emt 0:00:23]} 14. Ne5 {[%emt 0:00:05]} Bb5 {[%emt
0:00:03]} 15. c4 {[%emt 0:00:11]} Be8 {[%emt 0:00:19]} 16. Ndf3 {[%emt 0:00:12]
} Bb4 {[%emt 0:00:07]} 17. Rec1 {[%emt 0:00:03]} dxc4 {[%emt 0:00:10]} 18. bxc4
{[%emt 0:00:03]} Nc6 {[%emt 0:00:07]} 19. h3 {[%emt 0:00:32]} Nxe5 {[%emt 0:00:
11]} 20. Bxe5 {[%emt 0:00:04]} Be7 {[%emt 0:00:06]} 21. Kf1 {[%emt 0:00:23]}
Bc6 {[%emt 0:00:02]} 22. Ke2 {[%emt 0:00:05]} Rfd8 {[%emt 0:00:09]} 23. g3 {
[%emt 0:00:10]} Rac8 {[%emt 0:00:03]} 24. Nd2 {[%emt 0:00:11]} Nd7 {[%emt 0:00:
17]} 25. Be4 {[%emt 0:00:06] chess-vador propose la nulle} Nxe5 {[%emt 0:00:17]
} 26. dxe5 {[%emt 0:00:02]} Rxd2+ {[%emt 0:00:02]} 27. Kxd2 {[%emt 0:00:04]}
Bxe4 {[%emt 0:00:02]} 28. Ke3 {[%emt 0:00:03]} Bc6 {[%emt 0:00:03]} 29. c5 {
[%emt 0:00:06]} Rd8 {[%emt 0:00:02]} 30. b4 {[%emt 0:00:03]} Rd5 {[%emt 0:00:
04]} 31. f4 {[%emt 0:00:02]} g5 {[%emt 0:00:13]} 32. Rd1 {[%emt 0:00:06]} Kg7 {
[%emt 0:00:03]} 33. g4 {[%emt 0:00:09]} gxf4+ {[%emt 0:00:02]} 34. Kxf4 {[%emt
0:00:01]} Kg6 {[%emt 0:00:01]} 35. Rxd5 {[%emt 0:00:04]} Bxd5 {[%emt 0:00:02]}
36. Rb1 {[%emt 0:00:04]} Bg5+ {[%emt 0:00:02]} 37. Kg3 {[%emt 0:00:01]} h5 {
[%emt 0:00:02]} 38. h4 {[%emt 0:00:03]} Bd2 {[%emt 0:00:05]} 39. b5 {[%emt 0:
00:04]} axb5 {[%emt 0:00:02]} 40. Rxb5 {[%emt 0:00:00]} hxg4 {[%emt 0:00:02]}
41. Kxg4 {[%emt 0:00:01]} Bc3 {[%emt 0:00:03]} 42. Rb1 {[%emt 0:00:05]} Bxe5 {
[%emt 0:00:01]} 43. Rf1 {[%emt 0:00:04]} Bg7 {[%emt 0:00:02]} 44. h5+ {[%emt 0:
00:01]} Kh6 {[%emt 0:00:01]} 45. Rxf7 {[%emt 0:00:03]} Bc4 {[%emt 0:00:03]} 46.
Rxb7 {[%emt 0:00:03]} Be2+ {[%emt 0:00:01]} 47. Kh4 {[%emt 0:00:02]} Bf6+ {
[%emt 0:00:01]} 48. Kg3 {[%emt 0:00:02]} Bxh5 {[%emt 0:00:01]} 49. c6 {[%emt 0:
00:04]} Be5+ {[%emt 0:00:01]} 50. Kf2 {[%emt 0:00:03]} Kg5 {[%emt 0:00:02]} 51.
c7 {[%emt 0:00:04]} Bxc7 {[%emt 0:00:01]} 52. Rxc7 {[%emt 0:00:02]} Bg4 {[%emt
0:00:01] Jahhaj offers a draw} 53. Re7 {[%emt 0:00:03]} Bf5 {[%emt 0:00:01]}
54. Rxe6 {[%emt 0:00:01]} Bxe6 {[%emt 0:00:01]} 1/2-1/2

[Event "Benidorm Satellite preliminary"]
[Site "playchess.com #007036"]
[Date "2009.10.24"]
[Round "11"]
[White "Hatimati"]
[Black "Chessmaestro"]
[Result "0-1"]
[WhiteElo "2504"]
[BlackElo "2616"]
[PlyCount "106"]
[EventDate "2009.10.24"]
[EventType "swiss (blitz)"]

1. e4 {[%emt 0:00:02]} Nf6 {[%emt 0:00:01]} 2. e5 {[%emt 0:00:01]} Nd5 {[%emt
0:00:00]} 3. d4 {[%emt 0:00:01]} d6 {[%emt 0:00:00]} 4. c4 {[%emt 0:00:01]} Nb6
{[%emt 0:00:01]} 5. exd6 {[%emt 0:00:00]} exd6 {[%emt 0:00:01]} 6. Nc3 {[%emt
0:00:02]} Be7 {[%emt 0:00:01]} 7. Bd3 {[%emt 0:00:01]} O-O {[%emt 0:00:01]} 8.
h3 {[%emt 0:00:01]} c6 {[%emt 0:00:01]} 9. Nf3 {[%emt 0:00:01]} d5 {[%emt 0:00:
01]} 10. cxd5 {[%emt 0:00:02]} Nxd5 {[%emt 0:00:01]} 11. Nxd5 {[%emt 0:00:05]}
Qxd5 {[%emt 0:00:02]} 12. O-O {[%emt 0:00:01]} Bf6 {[%emt 0:00:03]} 13. Re1 {
[%emt 0:00:02]} Bf5 {[%emt 0:00:02]} 14. Bxf5 {[%emt 0:00:18]} Qxf5 {[%emt 0:
00:01]} 15. Qb3 {[%emt 0:00:00]} b6 {[%emt 0:00:10]} 16. Ne5 {[%emt 0:00:04]}
Qc8 {[%emt 0:00:40]} 17. Qf3 {[%emt 0:00:33]} Rd8 {[%emt 0:00:21]} 18. Bg5 {
[%emt 0:00:20] Hatimati claims win on disconnect} Bxg5 {[%emt 0:01:05]} 19.
Qxf7+ {[%emt 0:00:02]} Kh8 {[%emt 0:00:01]} 20. Qh5 {[%emt 0:00:49]} h6 {[%emt
0:00:03]} 21. Nf7+ {[%emt 0:00:04]} Kg8 {[%emt 0:00:01]} 22. Nxd8 {[%emt 0:00:
02]} Bxd8 {[%emt 0:00:01]} 23. Qg6 {[%emt 0:00:04]} Nd7 {[%emt 0:00:04]} 24.
Re8+ {[%emt 0:00:06]} Nf8 {[%emt 0:00:01]} 25. Rae1 {[%emt 0:00:25]} Qd7 {
[%emt 0:00:12]} 26. R1e4 {[%emt 0:00:13]} Rc8 {[%emt 0:00:07]} 27. Rf4 {[%emt
0:00:30]} Bf6 {[%emt 0:00:01]} 28. Rxc8 {[%emt 0:00:01]} Qxc8 {[%emt 0:00:01]}
29. Qe4 {[%emt 0:00:01]} Qd7 {[%emt 0:00:05]} 30. g3 {[%emt 0:00:02]} Ne6 {
[%emt 0:00:03]} 31. Rg4 {[%emt 0:00:03]} Nxd4 {[%emt 0:00:01]} 32. Qg6 {[%emt
0:00:02]} Qf7 {[%emt 0:00:06]} 33. Qe4 {[%emt 0:00:02]} Qd7 {[%emt 0:00:05]}
34. Qg6 {[%emt 0:00:02]} Qe7 {[%emt 0:00:10] '} 35. Re4 {[%emt 0:00:02]} Ne6 {
[%emt 0:00:03]} 36. Qf5 {[%emt 0:00:01]} Kf7 {[%emt 0:00:01]} 37. f4 {[%emt 0:
00:01]} Qd6 {[%emt 0:00:02]} 38. Qh5+ {[%emt 0:00:01]} Kf8 {[%emt 0:00:02]} 39.
Qe2 {[%emt 0:00:01]} Nc7 {[%emt 0:00:03]} 40. Kg2 {[%emt 0:00:01]} Kg8 {[%emt
0:00:03]} 41. Qc4+ {[%emt 0:00:03]} Qd5 {[%emt 0:00:01]} 42. Qe2 {[%emt 0:00:
01]} a5 {[%emt 0:00:03]} 43. Kh2 {[%emt 0:00:01]} b5 {[%emt 0:00:06]} 44. g4 {
[%emt 0:00:01]} a4 {[%emt 0:00:02]} 45. Kg3 {[%emt 0:00:10]} Qxa2 {[%emt 0:00:
02]} 46. g5 {[%emt 0:00:02]} hxg5 {[%emt 0:00:04]} 47. fxg5 {[%emt 0:00:00]}
Bxg5 {[%emt 0:00:00]} 48. Qh5 {[%emt 0:00:01]} Bh6 {[%emt 0:00:05]} 49. Qe5 {
[%emt 0:00:03]} Qb3+ {[%emt 0:00:03]} 50. Kg4 {[%emt 0:00:01]} Qf7 {[%emt 0:00:
01]} 51. Qd6 {[%emt 0:00:02]} Nd5 {[%emt 0:00:03]} 52. Qd8+ {[%emt 0:00:06]}
Kh7 {[%emt 0:00:01]} 53. Qd6 {[%emt 0:00:01]} Nf6+ {[%emt 0:00:01] Hatimati
resigns} 0-1

[Event "Benidorm Satellite preliminary"]
[Site "playchess.com #007036"]
[Date "2009.10.24"]
[Round "11"]
[White "Franky Bono"]
[Black "Zoschi"]
[Result "1/2-1/2"]
[WhiteElo "2056"]
[BlackElo "1667"]
[PlyCount "116"]
[EventDate "2009.10.24"]
[EventType "swiss (blitz)"]

1. d4 {[%emt 0:00:02]} d5 {[%emt 0:00:01]} 2. c4 {[%emt 0:00:00]} c6 {[%emt 0:
00:01]} 3. Nc3 {[%emt 0:00:00]} Nf6 {[%emt 0:00:02]} 4. Nf3 {[%emt 0:00:00]} e6
{[%emt 0:00:06]} 5. Bg5 {[%emt 0:00:01]} h6 {[%emt 0:00:01]} 6. Bh4 {[%emt 0:
00:01]} dxc4 {[%emt 0:00:01]} 7. e4 {[%emt 0:00:04]} g5 {[%emt 0:00:01]} 8. Bg3
{[%emt 0:00:02]} b5 {[%emt 0:00:00]} 9. Be2 {[%emt 0:00:02]} Bb7 {[%emt 0:00:
01]} 10. O-O {[%emt 0:00:01]} Nbd7 {[%emt 0:00:03]} 11. Ne5 {[%emt 0:00:09]}
Bg7 {[%emt 0:00:08]} 12. Nxf7 {[%emt 0:00:03]} Kxf7 {[%emt 0:00:02]} 13. e5 {
[%emt 0:00:01]} Nd5 {[%emt 0:00:06]} 14. Ne4 {[%emt 0:00:01]} Qc7 {[%emt 0:00:
26]} 15. Nd6+ {[%emt 0:00:12]} Ke7 {[%emt 0:00:04]} 16. Qc2 {[%emt 0:00:06]}
Raf8 {[%emt 0:00:15]} 17. Qg6 {[%emt 0:00:07]} Rhg8 {[%emt 0:00:03]} 18. Bg4 {
[%emt 0:00:04]} Bf6 {[%emt 0:00:34]} 19. exf6+ {[%emt 0:00:08]} N7xf6 {[%emt 0:
00:11]} 20. Qc2 {[%emt 0:00:17]} Nf4 {[%emt 0:00:15]} 21. Nxb7 {[%emt 0:00:09]}
Qxb7 {[%emt 0:00:04]} 22. Bf3 {[%emt 0:00:06]} N6d5 {[%emt 0:00:05]} 23. Rfe1 {
[%emt 0:00:10]} Kd8 {[%emt 0:00:09]} 24. Bxd5 {[%emt 0:00:04]} exd5 {[%emt 0:
00:10]} 25. Bxf4 {[%emt 0:00:06]} gxf4 {[%emt 0:00:09]} 26. Re6 {[%emt 0:00:05]
} Qg7 {[%emt 0:00:08]} 27. g3 {[%emt 0:00:04]} fxg3 {[%emt 0:00:05]} 28. hxg3 {
[%emt 0:00:05]} Qxd4 {[%emt 0:00:01]} 29. Kg2 {[%emt 0:00:05]} Qg4 {[%emt 0:00:
19]} 30. Rae1 {[%emt 0:00:29]} Re8 {[%emt 0:00:17]} 31. Rxe8+ {[%emt 0:00:05]}
Rxe8 {[%emt 0:00:00]} 32. Rxe8+ {[%emt 0:00:02]} Kxe8 {[%emt 0:00:01]} 33. Qc3
{[%emt 0:00:06]} Qe4+ {[%emt 0:00:03]} 34. Kg1 {[%emt 0:00:01]} Qe6 {[%emt 0:
00:06]} 35. Qh8+ {[%emt 0:00:05]} Kd7 {[%emt 0:00:01]} 36. Qh7+ {[%emt 0:00:02]
} Kd6 {[%emt 0:00:03]} 37. Qxa7 {[%emt 0:00:01]} Qe1+ {[%emt 0:00:02]} 38. Kg2
{[%emt 0:00:02]} Qe4+ {[%emt 0:00:01]} 39. Kg1 {[%emt 0:00:01]} Qe1+ {[%emt 0:
00:01]} 40. Kh2 {[%emt 0:00:03]} Qe6 {[%emt 0:00:06]} 41. Qb8+ {[%emt 0:00:07]}
Kc5 {[%emt 0:00:02]} 42. a3 {[%emt 0:00:02]} Qe1 {[%emt 0:00:07]} 43. Qf4 {
[%emt 0:00:02]} Qe6 {[%emt 0:00:04]} 44. Kg1 {[%emt 0:00:09] .} Qe1+ {[%emt 0:
00:02]} 45. Kh2 {[%emt 0:00:01]} Qe6 {[%emt 0:00:00]} 46. Qd2 {[%emt 0:00:04]}
Kd6 {[%emt 0:00:01]} 47. Qb4+ {[%emt 0:00:03]} Kc7 {[%emt 0:00:01]} 48. Qc5 {
[%emt 0:00:01]} Qf5 {[%emt 0:00:04]} 49. Qa7+ {[%emt 0:00:06]} Kd6 {[%emt 0:00:
01]} 50. Qb8+ {[%emt 0:00:04]} Kc5 {[%emt 0:00:01]} 51. Kh1 {[%emt 0:00:04]}
Qb1+ {[%emt 0:00:03]} 52. Kh2 {[%emt 0:00:02]} Qxb2 {[%emt 0:00:02]} 53. Qa7+ {
[%emt 0:00:03]} Kd6 {[%emt 0:00:01]} 54. Qb8+ {[%emt 0:00:01]} Kc5 {[%emt 0:00:
01]} 55. Qf8+ {[%emt 0:00:02]} Kb6 {[%emt 0:00:01]} 56. Qd8+ {[%emt 0:00:03]}
Kc5 {[%emt 0:00:01]} 57. Qf8+ {[%emt 0:00:09]} Kb6 {[%emt 0:00:01]} 58. Qb8+ {
[%emt 0:00:05]} Kc5 {[%emt 0:00:01]} 1/2-1/2

[Event "Benidorm Satellite preliminary"]
[Site "playchess.com #007036"]
[Date "2009.10.24"]
[Round "11"]
[White "Munchie the 5th"]
[Black "Kshorg"]
[Result "1-0"]
[WhiteElo "1656"]
[BlackElo "1701"]
[PlyCount "121"]
[EventDate "2009.10.24"]
[EventType "swiss (blitz)"]

1. d4 {[%emt 0:00:01]} g6 {[%emt 0:00:01]} 2. c4 {[%emt 0:00:00]} Bg7 {[%emt 0:
00:01]} 3. Nc3 {[%emt 0:00:01]} e6 {[%emt 0:00:02]} 4. e4 {[%emt 0:00:00]} Ne7
{[%emt 0:00:00]} 5. Be3 {[%emt 0:00:01]} O-O {[%emt 0:00:01]} 6. Bd3 {[%emt 0:
00:01]} b6 {[%emt 0:00:01]} 7. Nf3 {[%emt 0:00:02]} Bb7 {[%emt 0:00:01]} 8. O-O
{[%emt 0:00:00]} d6 {[%emt 0:00:01]} 9. Qd2 {[%emt 0:00:01]} Nd7 {[%emt 0:00:
01]} 10. Rac1 {[%emt 0:00:01]} a6 {[%emt 0:00:07]} 11. Rfd1 {[%emt 0:00:01]} c5
{[%emt 0:00:09]} 12. Ne2 {[%emt 0:00:03]} Qc7 {[%emt 0:00:03]} 13. b3 {[%emt 0:
00:09]} Rad8 {[%emt 0:00:07]} 14. Qc2 {[%emt 0:00:03]} d5 {[%emt 0:00:06]} 15.
Bf4 {[%emt 0:00:05]} Qc6 {[%emt 0:00:14]} 16. cxd5 {[%emt 0:00:12]} exd5 {
[%emt 0:00:06]} 17. e5 {[%emt 0:00:09]} f5 {[%emt 0:00:34]} 18. Bg5 {[%emt 0:
00:08]} Rf7 {[%emt 0:00:14]} 19. Re1 {[%emt 0:00:24]} h6 {[%emt 0:00:14]} 20.
Bh4 {[%emt 0:00:07]} Rc8 {[%emt 0:00:18]} 21. Nc3 {[%emt 0:00:14]} Nf8 {[%emt
0:00:10]} 22. Na4 {[%emt 0:00:19]} Ne6 {[%emt 0:00:10]} 23. Bxe7 {[%emt 0:00:
06]} Rxe7 {[%emt 0:00:02]} 24. Qe2 {[%emt 0:00:22]} Nf4 {[%emt 0:00:06]} 25.
Qd2 {[%emt 0:00:04]} Nxd3 {[%emt 0:00:01]} 26. Qxd3 {[%emt 0:00:00]} c4 {[%emt
0:00:06]} 27. Qe2 {[%emt 0:00:09]} Kh7 {[%emt 0:00:16]} 28. Nb2 {[%emt 0:00:07]
} Qe6 {[%emt 0:00:03]} 29. bxc4 {[%emt 0:00:08]} dxc4 {[%emt 0:00:02]} 30. Rxc4
{[%emt 0:00:01]} Bxf3 {[%emt 0:00:09]} 31. gxf3 {[%emt 0:00:05]} Rec7 {[%emt 0:
00:02]} 32. Rec1 {[%emt 0:00:07]} Rxc4 {[%emt 0:00:05]} 33. Rxc4 {[%emt 0:00:
02]} b5 {[%emt 0:00:04]} 34. Rxc8 {[%emt 0:00:08]} Qxc8 {[%emt 0:00:02]} 35. d5
{[%emt 0:00:05]} Qc1+ {[%emt 0:00:04]} 36. Kg2 {[%emt 0:00:01]} Qg5+ {[%emt 0:
00:01]} 37. Kf1 {[%emt 0:00:02]} Qc1+ {[%emt 0:00:02]} 38. Nd1 {[%emt 0:00:03]}
Bxe5 {[%emt 0:00:03]} 39. Qxe5 {[%emt 0:00:08]} Qxd1+ {[%emt 0:00:02]} 40. Kg2
{[%emt 0:00:01]} Qd2 {[%emt 0:00:04]} 41. Qe7+ {[%emt 0:00:02]} Kg8 {[%emt 0:
00:01]} 42. d6 {[%emt 0:00:01]} Qg5+ {[%emt 0:00:33]} 43. Qxg5 {[%emt 0:00:02]}
hxg5 {[%emt 0:00:00]} 44. d7 {[%emt 0:00:00]} Kf7 {[%emt 0:00:01]} 45. d8=Q {
[%emt 0:00:00]} Ke6 {[%emt 0:00:01]} 46. Qe8+ {[%emt 0:00:01]} Kd5 {[%emt 0:00:
02]} 47. Qxg6 {[%emt 0:00:01]} Ke5 {[%emt 0:00:01]} 48. Qxg5 {[%emt 0:00:01]}
a5 {[%emt 0:00:01]} 49. Qe3+ {[%emt 0:00:03]} Kf6 {[%emt 0:00:01]} 50. Qb6+ {
[%emt 0:00:00]} Kg5 {[%emt 0:00:01]} 51. Qxb5 {[%emt 0:00:00]} a4 {[%emt 0:00:
01]} 52. Kg3 {[%emt 0:00:00]} Kg6 {[%emt 0:00:02]} 53. f4 {[%emt 0:00:00]} Kf6
{[%emt 0:00:02]} 54. Qb6+ {[%emt 0:00:02]} Kg7 {[%emt 0:00:02]} 55. Kh4 {[%emt
0:00:00]} a3 {[%emt 0:00:01]} 56. Kg5 {[%emt 0:00:01]} Kf7 {[%emt 0:00:01]} 57.
Qf6+ {[%emt 0:00:01]} Ke8 {[%emt 0:00:01]} 58. Qg7 {[%emt 0:00:05]} Kd8 {[%emt
0:00:02]} 59. Kxf5 {[%emt 0:00:01]} Ke8 {[%emt 0:00:01]} 60. Ke6 {[%emt 0:00:
02]} Kd8 {[%emt 0:00:01]} 61. Qd7# {[%emt 0:00:00]} 1-0